Missing Word: Fast Food Slogans Quiz Stats

 Plays Quiz Updated Dec 26, 2016

Support Sporcle.
Go Orange.
Score 0/20 Timer 03:00
0 Plays Today
Slogan Missing Word % Correct
Have it Your ____Way
98.8%
Bada-ba-ba-ba, I'm ____ itLovin'
95.8%
Come hungry. Leave _____. Happy
82.8%
So ____Good
82.2%
Think ____ the BunOutside
82%
Eat ____Fresh
81%
Better Ingredients. Better ____.Pizza
77.3%
America’s ____-InDrive
76.4%
Eat Mor' ____Chikin
76.3%
Quality You Can ____Taste
66.2%
Slogan Missing Word % Correct
We Don't Make It Until You ____ It.Order
65.2%
What Are You Eating ____?Today
48.7%
Subs So ____ You'll FreakFast
36.4%
Mmmm…____!Toasty
35.2%
Now You’re ____!Eating
19.8%
Not Just Big ____. Big Flavors.Burritos
12.9%
Now That's ____Better
12%
Where The Food's The ____.Star
9.7%
So Good It's _____RiDQulous
5.5%
Food with ____. Integrity
4.3%

Today's Daily Dose

Missing Word
FPS Games (A-Z)

Quick Pick
Cartoon Lions

Get the Picture
5, 6, 7, or 8 Movies

You're not logged in!

Compare scores with friends on all Sporcle quizzes.
OR
Log In
Forgot?

From the Vault

Fill in the Middle: Four Consonants

by Purple_Parrot

You'll need to find some middle ground.
Remove Ads.
Support Sporcle.
Get the best of Sporcle when you Go Orange. This ad-free experience offers more features, more stats, and more fun while also helping to support Sporcle. Thank you for becoming a member.

Show Comments

Extras

Top Quizzes Today


Score Distribution

Your Account Isn't Verified!

In order to create a playlist on Sporcle, you need to verify the email address you used during registration. Go to your Sporcle Settings to finish the process.

Report this User

Report this user for behavior that violates our Community Guidelines.

Details: